رحلة ابن خلدون، 1352-1401 / (Record no. 14131)

MARC details
000 -الفاتح
حقل البيانات ثابتة الطول 01301nam a2200301 i 4500
003 - محدد رقم الضبط
رقم الضبط EG-ScBUE
005 - وقت وتاريخ اخر تعامل مع التسجيلة
رقم الضبط 20240714124047.0
008 - عناصر البيانات ثابتة الطول - معلومات عامة
حقل البيانات ثابتة الطول 100621s2003 ts f 001 0 ara d
020 ## - الرقم الدولى المعيارى للكتب
الرقم الدولى المعيارى للكتاب 9953441421
040 ## - مصدر الفهرسة
وكالة الفهرسة الأصلية EG-ScBUE
لغة الفهرسة ara
قواعد الوصف rda
وكالة النسخ EG-ScBUE
وكالة التعديل EG-ScBUE
082 04 - رقم تصنيف ديوى العشرى
رقم الطبعة 22
رقم التصنيف 907.202
رقم المادة ط ن ج
100 1# - المدخل الرئيسى - إسم شخصى
9 (RLIN) 14921
الإسم الشخصى الطنجي، محمد بن تاويت،
التواريخ المصاحبة للاسم 1918-1974‏،
الدور مؤلف.
245 10 - بيان العنوان
العنوان رحلة ابن خلدون، 1352-1401 /
بيان المسئوليه,etc عارضها بأصولها وعلق حواشيها محمد بن تاويت الطنجي ؛ حررها وقدم لها نوري الجراح.
250 ## - بيان الطبعة
بيان الطبعة الطبعة الأولى.
264 #1 - النشر، التوزيع
مكان الناشر او الموزع أبو ظبي :
اسم الناشر او الموزع دار السويدي للنشر والتوزيع،
تاريخ النشر أو التوزيع 2003.
300 ## - الوصف المادى
التعداد 557 صفحة ؛
أبعاد الوعاء 24 سم.
336 ## - نوع المحتوى
source rdacontent
Carrier Type Term نص
Content Type Code txt
337 ## - نوع الوسيط
Media Type Term بدون وسيط
source rdamedia
Media Type Code n
338 ## - نوع الحامل أو الناقل
Carrier Type Term مجلد
Carrier Type Code nc
source rdacarrier
490 0# - بيان السلسلة
عنوان السلسلة ارتياد الآفاق
500 ## - تبصرة عامة
تبصرة عامة يشتمل على كشاف.
600 17 - المدخل الاضافى بالموضوع-اسم شخصى
مصدر الرأس أو المصطلح BUEsh
الإسم الشخصى ‪ابن خلدون، عبد الرحمن بن محمد،
التواريخ المصاحبة للاسم 732-808 هـ.
650 #7 - المدخل الاضافى بالموضوع-مصطلح موضوعى
مصطلح موضوعي أو اسم جغرافي كعنصر مدخل ‪أدب الرحلات.
مصدر الرأس أو المصطلح BUEsh
650 #7 - المدخل الاضافى بالموضوع-مصطلح موضوعى
مصطلح موضوعي أو اسم جغرافي كعنصر مدخل ‪المؤرخون العرب
التقسيم الفرعي الشكلي تراجم.
مصدر الرأس أو المصطلح BUEsh
655 ## - مصطلح تكشيفى-نوع/شكل
التقسيم الفرعي الشكلي Reading book
700 1# - المدخل الاضافى - اسم شخصى
9 (RLIN) 14924
الإسم الشخصى الجراح، نوري،
الدور محرر،
-- مقدم.
942 ## - عناصر المدخل الإضافي( كوها)
مصدر التصنيف او مخطط الترفيف Dewey Decimal Classification
Koha [default] item type Book - Borrowing
Holdings
حالة التراجع حالة الفقد مصدر التصنيف او خطة الترفيف حالة تلف ليس للاعارة مجموعات كوها المكان الدائم المكان الحالي موقع الترفيف تاريخ الاكتساب Source of acquisition سعر الشراء الطبيعي تعداد مسلسل / التسلسل الزمني رقم الاستدعاء الباركود Date last seen نوع الوعاء
    Dewey Decimal Classification     Madboly Central Library Central Library Second Floor 21/06/2010 Purchase 85.00 2358 907.202 ط ن ج 000021031 15/07/2025 Book - Borrowing